000 00768nam a2200205Ii 4500
003 JO-AjNU
008 230605s9999||||xx |||||||||||||| ||und||
040 _aJO-AjNU
_bara
_erda
_cJO-AjNU
041 _aara
050 1 4 _aPN2960.I72.M84 1989
100 3 _aالمفرجي، أحمد فياض,
_eauthor
_97386
245 0 0 _aمسرح الثمانينات في العراق: المسرح في زمن المعركة
250 _aط1
264 3 1 _aبغداد: دار الشؤون الثقافية العامة، 1989
300 _a117ص
336 _atext
_btxt
_2rdacontent
337 _aunmediated
_bn
_2rdamedia
338 _avolume
_bnc
_2rdacarrier
650 4 _aالمسرح - المسرح العربي - بغداد - الثمانينات - تاريخ ونقد
_97387
999 _aA253
_c3821
_d3821